000 00385 a2200145 4500
020 _a0534931294
040 _cDLC
082 _a624.15136 DAS
100 _aDas, Braja M.
_923492
245 _aPrinciples of Soil Dynamics/
_cBraja M. Das
260 _aBoston :
_bPWS Kent Publishing Company,
_c1992
300 _axii, 570p. :
_bill. ;
_c23 cm
650 _asoil Dynamics
942 _2ddc
_cBK
999 _c1055
_d1055